Mountains of the Pharaohs

Saved in:

Main Author: Zahi Hawass

Format: Book

Language: Undetermined

Published: Cairo American University in Cairo 2024

Subjects:

Tags: Add Tag

No Tags, Be the first to tag this record!

Call Number: On Hold

LEADER 00544nam a2200181Ia 4500
005 20260324113530.0
008 260324s9999||||xx |||||||||||||| ||und||
020 |a 978-1649033987 
050 4 |a On Hold 
100 0 |a  Zahi Hawass 
245 1 0 |a Mountains of the Pharaohs  |c  Zahi Hawass 
264 1 |a Cairo  |b American University in Cairo  |c 2024 
300 |a 232 Pages  |b illustrations  |c 23 cm 
650 4 |a Ancient -- Classical 
650 4 |a Antiquities -- Archaeology 
650 4 |a History 
650 4 |a The Untold Story of the Pyramid Builders 
999 |c 61910  |d 61910